Nationaltiere erraten - Statistiken

Allgemein
  • Dieses Quiz wurde 248 mal gespielt
  • Das Durchschnittsergebnis liegt bei 6 aus 16
Antwortstatistiken
Bildquiz Hint Antwort % Korrekt
Rotes Riesenkänguru Australien
97%
Großer Panda China
97%
Tiger Bangladesch / Indien / Malaysia / Südkorea
74%
Elch Schweden
69%
Bison Vereinigte Staaten
67%
Braunbär Finnland / Russland
57%
Löwe Äthiopien / England / Gambia / Kenia / Libyen / Luxemburg / Marokko / Niederlande / Nordmazedonien / Norwegen / Sierra Leone / Singapur / Sri Lanka / Togo
48%
Einhorn Schottland
37%
Springbock Südafrika
27%
Dodo Mauritius
18%
Schneeleopard Afghanistan / Pakistan
12%
Wolf Estland / Portugal / Serbien
11%
Phönix Griechenland
4%
Jaguar Mexiko
4%
Mufflon Zypern
2%
Auerochse Moldawien
1%
Keine übereinstimmenden Quizze gefunden
Verteilung der Resultate
Anzahl Personen mit jedem Resultat
Perzentil nach korrekt beantworteten Fragen
Ihre Resultats-Entwicklung
Sie haben dieses Quiz noch nicht gespielt